LEADER 00525nam a2200169 i 4500 001 000000218219 003 CaOOAMICUS 005 20130122000000.0 008 130122s1886 xx u000 u lat u 013 $a197116 040 $aSeMil$bita 245 10$a5. 300 $a213 p. 773 0 $tLeonis 13. pontificis maximi Acta.$dRoma : Ex Typ. Vaticana, 1881-1905.$g5$w()27944 850 $aSeMil 852 $aSeMil$W1$xVenegono$y1$m2H IV 34 FA$j168632$B168632$CSeMilBibl$Z2$F179516 $8I 996 $6245$a5$9(OLS)http://semarc/title/57540 LEADER 00725nam a2200217 i 4500 001 000000199799 003 CaOOAMICUS 005 20140407000000.0 008 140407s1938 it u000 u ita u 013 $a178491 040 $aSeMil$bita 100 1 $aGiocondo : di Maria.$0(OLS)http://semarc/name/10318 245 10$aVol. 1. 300 $a205 p. ;$c15 cm. 500 $aFondo card. Giovanni Colombo. 773 0 $aGiocondo : di Maria$tMedita.$dTorino : Casa Editrice A. & C., nulla osta 1938.$w()23127 850 $aSeMil 852 $aSeMil$W1$xVenegono$y1$m3GC I 7$j150334$B150334$CSeMilBibl$Z2$F161687 $8B 941 1 $a3 961 $aLascito: Colombo Card. Giovanni 996 $6245$aVol. 1$9(OLS)http://semarc/title/13429